[Event "Junior Online 4NCL Division 4"]
[Site "online"]
[Date "2020.09.17"]
[Round "3.234"]
[White "Dudhia, Vansh"]
[Black "Tang, Ismini"]
[Result "1-0"]
[WhiteElo "1052"]
[BlackElo "800"]
[PlyCount "67"]
[EventDate "2020.09.17"]
[WhiteTeam "Barnet Knights E"]
[BlackTeam "St James Primary"]

1. e4 e5 2. Nf3 Nc6 3. Nc3 Nf6 4. Be2 Bc5 5. O-O d6 6. d3 Bg4 7. Bd2 Qe7 8. a3
O-O-O 9. h3 Be6 10. b4 Bb6 11. b5 Nd4 12. Nxd4 exd4 13. Na4 h6 14. Nxb6+ cxb6
15. Bb4 Kb8 16. e5 Nd5 17. Bxd6+ Kc8 18. Bxe7 Nxe7 19. Qb1 g5 20. Qb4 Nd5 21.
Qc4+ Nc7 22. Qa4 Nd5 23. Bg4 Nf6 24. Bxe6+ Kb8 25. exf6 Rd6 26. Bxf7 Rf8 27.
Qb4 Rxf6 28. Qxf8+ Kc7 29. Rfe1 Kd7 30. Qe7+ Kc8 31. Qe8+ Kc7 32. Re7+ Kd6 33.
Qd8+ Kc5 34. Qd5# 1-0

[Event "Junior Online 4NCL Division 4"]
[Site "online"]
[Date "2020.09.17"]
[Round "3.235"]
[White "Allen, Sonny"]
[Black "Toth, Nandor"]
[Result "1-0"]
[WhiteElo "1142"]
[BlackElo "1172"]
[PlyCount "75"]
[EventDate "2020.09.17"]
[WhiteTeam "Barnet Knights E"]
[BlackTeam "St James Primary"]

1. e4 e5 2. Nf3 Nc6 3. Nc3 Nf6 4. Bb5 Bb4 5. O-O d6 6. Bxc6+ bxc6 7. d3 d5 8.
Bg5 h6 9. Be3 d4 10. Bd2 dxc3 11. bxc3 Bd6 12. Rb1 Bg4 13. d4 Bxf3 14. Qxf3
exd4 15. cxd4 Nd7 16. e5 Be7 17. e6 fxe6 18. Qh5+ Kf8 19. Qf3+ Bf6 20. Rbe1 Qe7
21. Qb3 e5 22. Bb4 c5 23. dxc5 Nxc5 24. Qc3 Qd7 25. Bxc5+ Kf7 26. Qc4+ Qe6 27.
Qa4 Qd5 28. Qa5 h5 29. Rd1 Qc6 30. Qa3 h4 31. Qb3+ Ke8 32. Ba3 g5 33. Rfe1 g4
34. Re3 h3 35. gxh3 gxh3 36. Kf1 Qb6 37. Qd5 Rc8 38. Qd7# 1-0

[Event "Junior Online 4NCL Division 4"]
[Site "online"]
[Date "2020.09.17"]
[Round "3.236"]
[White "Crichton, Finlay"]
[Black "Khoo, Cheng Fong Winston"]
[Result "1-0"]
[WhiteElo "1105"]
[BlackElo "1090"]
[PlyCount "35"]
[EventDate "2020.09.17"]
[WhiteTeam "St James Primary"]
[BlackTeam "Barnet Knights E"]

1. e4 e5 2. Nf3 Nc6 3. Nc3 Nf6 4. Bb5 Bb4 5. a3 Bc5 6. Bxc6 dxc6 7. Nxe5 Qd4 8.
Nd3 Bb6 9. Qf3 Bg4 10. Qg3 O-O 11. O-O Rfe8 12. Re1 Bh5 13. b4 Rad8 14. Bb2 Re7
15. Ne2 Qd6 16. e5 Qe6 17. exf6 Qxf6 18. Bxf6 1-0

[Event "Junior Online 4NCL Division 4"]
[Site "online"]
[Date "2020.09.17"]
[Round "3.237"]
[White "Gold, Arthur"]
[Black "Harle Smith, Joseph"]
[Result "0-1"]
[WhiteElo "1075"]
[BlackElo "1030"]
[PlyCount "76"]
[EventDate "2020.09.17"]
[WhiteTeam "Barnet Knights E"]
[BlackTeam "St James Primary"]

1. e4 e5 2. Nf3 Nc6 3. Bc4 Bc5 4. d3 h6 5. a3 Nf6 6. Nc3 d6 7. O-O Nd4 8. Nxd4
Bxd4 9. Be3 Bxe3 10. fxe3 O-O 11. Qf3 Be6 12. Nd5 Bxd5 13. Bxd5 Nxd5 14. exd5
c6 15. dxc6 Qb6 16. cxb7 Rab8 17. Rab1 Rxb7 18. Rf2 f6 19. Qd5+ Rff7 20. b4 g5
21. e4 Rbc7 22. Qb3 Qc6 23. Rxf6 Qb6+ 24. Kh1 Qe3 25. Rxf7 Rxf7 26. Rf1 Kg7 27.
Qxf7+ Kh8 28. Qf8+ Kh7 29. Rf7+ Kg6 30. Qg8+ Kh5 31. Rf1 Kh4 32. g3+ Kh3 33.
Qe6+ g4 34. Qxh6+ Qxh6 35. c4 Qe3 36. c5 Qe2 37. Rg1 Qf3+ 38. Rg2 Qxg2# 0-1

[Event "Junior Online 4NCL Division 4"]
[Site "online"]
[Date "2020.09.17"]
[Round "3.238"]
[White "Tang, Ismini"]
[Black "Dudhia, Vansh"]
[Result "1/2-1/2"]
[WhiteElo "800"]
[BlackElo "1052"]
[PlyCount "105"]
[EventDate "2020.09.17"]
[WhiteTeam "St James Primary"]
[BlackTeam "Barnet Knights E"]

1. d4 d5 2. Nf3 e6 3. Nc3 Nf6 4. Bg5 Nc6 5. e3 Bd6 6. Bb5 O-O 7. O-O a6 8. Bxc6
bxc6 9. Qd2 h6 10. Bxf6 Qxf6 11. Qd3 e5 12. dxe5 Bxe5 13. Nxe5 Qxe5 14. h3 Qg5
15. Qe2 Bxh3 16. f3 Bf5 17. e4 dxe4 18. Nxe4 Bxe4 19. fxe4 Rfe8 20. Rad1 Qc5+
21. Qf2 Qg5 22. Qf5 Qxf5 23. exf5 Re5 24. c4 Rae8 25. a4 a5 26. b3 c5 27. Rd7
R5e7 28. Rfd1 Re3 29. R7d5 Rxb3 30. Rxc5 Rb4 31. Rxc7 Rxa4 32. Rcd7 Rxc4 33.
R7d5 a4 34. Ra1 f6 35. Ra5 Re3 36. R5xa4 Rc2 37. R1a3 Re1+ 38. Kh2 Rcc1 39. Rb4
Rh1+ 40. Kg3 h5 41. Rb8+ Kh7 42. Raa8 h4+ 43. Kf3 Rc3+ 44. Kf2 Kh6 45. Rh8+ Kg5
46. Ra2 Rh2 47. Rg8 Kxf5 48. Rxg7 Kf4 49. Ra4+ Kf5 50. Ra5+ Kf4 51. Ra4+ Kf5
52. Ra5+ Kf4 53. Ra4+ 1/2-1/2

[Event "Junior Online 4NCL Division 4"]
[Site "online"]
[Date "2020.09.17"]
[Round "3.241"]
[White "Richards, Hal"]
[Black "Leustean, Maia"]
[Result "0-1"]
[WhiteElo "900"]
[BlackElo "1105"]
[PlyCount "100"]
[EventDate "2020.09.17"]
[WhiteTeam "Coldfall Knights"]
[BlackTeam "Tetherdown Bishops"]

1. e4 e5 2. Nc3 Bc5 3. Be2 Nf6 4. d3 h6 5. Nf3 Nc6 6. O-O d6 7. h3 O-O 8. g4 d5
9. g5 hxg5 10. h4 gxh4 11. Kg2 dxe4 12. Nxh4 exd3 13. Bxd3 Nd5 14. Nf3 Nf4+ 15.
Kg3 Nxd3 16. Bg5 Qd6 17. Rh1 e4+ 18. Kg2 exf3+ 19. Kxf3 Nxf2 20. Qg1 Nxh1 21.
Qxh1 Nd4+ 22. Kf2 Nxc2+ 23. Ke2 Nxa1 24. Kf3 Qc6+ 25. Ne4 Bf5 26. Qxa1 Qxe4+
27. Kg3 Bd6+ 28. Kf2 Qd3 29. Qe1 Bg3+ 30. Kg2 Bxe1 31. Kh2 Qf3 32. Kg1 Qe2 33.
Kh1 Be4+ 34. Kg1 Bf2+ 35. Kh2 Be3+ 36. Kg3 Qf3+ 37. Kh4 Bxg5+ 38. Kxg5 Kh7 39.
Kh4 Qg2 40. Kh5 g6+ 41. Kh4 g5+ 42. Kh5 g4 43. Kh4 Qh3+ 44. Kg5 Rg8+ 45. Kf4 g3
46. Kxe4 g2 47. Ke5 Rg6 48. b4 Qh4 49. b5 g1=Q 50. b6 Qgg5# 0-1

[Event "Junior Online 4NCL Division 4"]
[Site "online"]
[Date "2020.09.17"]
[Round "3.242"]
[White "Weisfeld, Raphael"]
[Black "Ward-Murphy, Nicolas"]
[Result "0-1"]
[WhiteElo "1082"]
[BlackElo "900"]
[PlyCount "60"]
[EventDate "2020.09.17"]
[WhiteTeam "Tetherdown Bishops"]
[BlackTeam "Coldfall Knights"]

1. e4 e5 2. f4 exf4 3. Nf3 Bc5 4. d4 Bb6 5. Bxf4 Nf6 6. Nc3 Ba5 7. Qd3 O-O 8.
Bd2 d6 9. Be2 Bg4 10. O-O Nc6 11. h3 Bh5 12. a3 Qd7 13. b4 Bb6 14. Be3 Qe8 15.
Rab1 Rd8 16. a4 d5 17. exd5 Nxd5 18. Nxd5 Rxd5 19. b5 Na5 20. Bd2 Nc6 21. Bc3
Nxd4 22. Nxd4 Bxe2 23. Qxe2 Bxd4+ 24. Bxd4 Rxd4 25. Qf3 f6 26. Qxb7 Rxa4 27.
Qxc7 Ra2 28. c4 Rf7 29. Qd6 Qe4 30. c5 Qxg2# 0-1

[Event "Junior Online 4NCL Division 4"]
[Site "online"]
[Date "2020.09.17"]
[Round "3.243"]
[White "Haga, Viktor"]
[Black "Bedretdinov, Rasul"]
[Result "1-0"]
[WhiteElo "900"]
[BlackElo "917"]
[PlyCount "83"]
[EventDate "2020.09.17"]
[WhiteTeam "Coldfall Knights"]
[BlackTeam "Tetherdown Bishops"]

1. e4 e5 2. Nf3 Nc6 3. Nc3 Bc5 4. Nxe5 Nxe5 5. d4 Bd6 6. dxe5 Bxe5 7. Bc4 Nf6
8. O-O O-O 9. Bd5 d6 10. Bg5 h6 11. Bxf6 Qxf6 12. g3 Bh3 13. Re1 Bd4 14. Qd2
Qf3 15. e5 Qg4 16. Re4 Qf3 17. Rxd4 Qf5 18. Bxb7 Rab8 19. Nd5 Qf3 20. Ne7+ Kh8
21. Bxf3 f6 22. exd6 cxd6 23. Ng6+ Kg8 24. Bd5+ Kh7 25. Nxf8+ Rxf8 26. Qd3+ f5
27. Re1 a6 28. Re7 Rb8 29. Qxa6 Rxb2 30. f4 Rxc2 31. Rc4 Rd2 32. Qxd6 Rd1+ 33.
Kf2 Rd2+ 34. Re2 Rd1 35. Rc8 Rf1+ 36. Ke3 Bg4 37. Bg8+ Kh8 38. Bc4+ Kh7 39. Rb2
Re1+ 40. Be2 Rxe2+ 41. Rxe2 Bxe2 42. Kxe2 1-0

[Event "Junior Online 4NCL Division 4"]
[Site "online"]
[Date "2020.09.17"]
[Round "3.244"]
[White "Kirk, Alex"]
[Black "Corrall, Ruby"]
[Result "1-0"]
[WhiteElo "857"]
[BlackElo "900"]
[PlyCount "125"]
[EventDate "2020.09.17"]
[WhiteTeam "Tetherdown Bishops"]
[BlackTeam "Coldfall Knights"]

1. e4 e5 2. Nf3 Nc6 3. Nc3 Nf6 4. d4 exd4 5. Nxd4 Nxd4 6. Qxd4 b6 7. Bg5 Bc5 8.
Qd3 h6 9. Bxf6 Qxf6 10. f3 Qh4+ 11. g3 Qf6 12. Bg2 Qd4 13. Qxd4 Bxd4 14. O-O-O
Bxc3 15. bxc3 Ba6 16. e5 O-O-O 17. f4 g5 18. fxg5 hxg5 19. Rd4 Rde8 20. Ra4 Bb7
21. Bxb7+ Kxb7 22. Rd4 Rxe5 23. Rxd7 Rhe8 24. Rxf7 a5 25. h4 g4 26. h5 Re3 27.
Kb2 Rxg3 28. h6 Rh3 29. Rg1 Rxh6 30. Rxg4 Rc6 31. a4 Re5 32. Rg8 b5 33. Rff8
Rc4 34. Rb8+ Kc6 35. Rg6+ Kd5 36. Rxb5+ Ke4 37. Rg4+ Kf5 38. Rxc4 Rxb5+ 39.
axb5 Ke6 40. Rxc7 Kd6 41. Ra7 Kc5 42. Rxa5 Kb6 43. Ra3 Kxb5 44. Rb3+ Kc4 45.
Rb4+ Kc5 46. Ka3 Kc6 47. Rc4+ Kd5 48. Ra4 Kc5 49. c4 Kc6 50. Kb4 Kc7 51. c5 Kc6
52. Ra6+ Kc7 53. Kb5 Kc8 54. c6 Kc7 55. Ra7+ Kc8 56. Kb6 Kb8 57. c7+ Kc8 58.
Ra8+ Kd7 59. c8=Q+ Ke7 60. Ra6 Kf7 61. Ka5 Kg7 62. Qb7+ Kf8 63. Ra8# 1-0

[Event "Junior Online 4NCL Division 4"]
[Site "online"]
[Date "2020.09.17"]
[Round "3.245"]
[White "Leustean, Maia"]
[Black "Richards, Hal"]
[Result "1-0"]
[WhiteElo "1105"]
[BlackElo "900"]
[PlyCount "31"]
[EventDate "2020.09.17"]
[WhiteTeam "Tetherdown Bishops"]
[BlackTeam "Coldfall Knights"]

1. e4 e5 2. Nf3 Nc6 3. Bc4 Bc5 4. Nc3 Nf6 5. d3 O-O 6. Bg5 h6 7. Bh4 g5 8. Nxg5
Ng4 9. Qxg4 d6 10. Ne6+ Kh7 11. Bxd8 Bxe6 12. Bxe6 Rfxd8 13. Qf5+ Kg8 14. Qxf7+
Kh8 15. Bf5 Nd4 16. Qh7# 1-0

[Event "Junior Online 4NCL Division 4"]
[Site "online"]
[Date "2020.09.17"]
[Round "3.246"]
[White "Ward-Murphy, Nicolas"]
[Black "Weisfeld, Raphael"]
[Result "1/2-1/2"]
[WhiteElo "900"]
[BlackElo "1082"]
[PlyCount "55"]
[EventDate "2020.09.17"]
[WhiteTeam "Coldfall Knights"]
[BlackTeam "Tetherdown Bishops"]

1. e4 e5 2. Bc4 Nf6 3. Nc3 Bc5 4. Nf3 Ng4 5. O-O Nc6 6. Nxe5 Ncxe5 7. d4 Nxc4
8. Qxg4 O-O 9. Nd5 d6 10. b4 Bxg4 11. bxc5 Qe8 12. Nxc7 Qxe4 13. Nxa8 Rxa8 14.
h3 Be2 15. Re1 Qxc2 16. Bf4 dxc5 17. Rac1 Qe4 18. g3 cxd4 19. Rxc4 Qd3 20. Rcc1
Bf3 21. Re7 Rf8 22. Rce1 Bc6 23. Bd6 Qf3 24. Kf1 Qg2+ 25. Ke2 Qf3+ 26. Kf1 Qg2+
27. Ke2 Qf3+ 28. Kf1 1/2-1/2

[Event "Junior Online 4NCL Division 4"]
[Site "online"]
[Date "2020.09.17"]
[Round "3.247"]
[White "Bedretdinov, Rasul"]
[Black "Haga, Viktor"]
[Result "1-0"]
[WhiteElo "917"]
[BlackElo "900"]
[PlyCount "83"]
[EventDate "2020.09.17"]
[WhiteTeam "Tetherdown Bishops"]
[BlackTeam "Coldfall Knights"]

1. e4 e5 2. Bc4 Nc6 3. Nf3 Nf6 4. Nc3 Nxe4 5. Nxe4 d5 6. Bd3 dxe4 7. Bxe4 Bg4
8. h3 Bxf3 9. Qxf3 Nd4 10. Qc3 c6 11. O-O Nb5 12. Qg3 Bd6 13. Qxg7 Rf8 14. Bxh7
Qe7 15. Bf5 Nd4 16. Bd3 O-O-O 17. c3 Nb5 18. a4 Nc7 19. b4 Qe6 20. b5 Qd5 21.
Bf5+ Ne6 22. Bxe6+ fxe6 23. bxc6 bxc6 24. Qxa7 Rg8 25. Qa8+ Kd7 26. Qb7+ Bc7
27. f3 Rb8 28. Qa6 Bb6+ 29. Kh1 Bc7 30. c4 Qd3 31. Bb2 Qxd2 32. Rfd1 Qxd1+ 33.
Rxd1+ Bd6 34. Bxe5 Ra8 35. Rxd6+ Ke7 36. Qb7+ Kf8 37. Qxa8+ Kf7 38. Qb7+ Kg6
39. Rxe6+ Kf5 40. Qxc6 Rg5 41. Bh2 Rg7 42. Qd5# 1-0

[Event "Junior Online 4NCL Division 4"]
[Site "online"]
[Date "2020.09.17"]
[Round "3.248"]
[White "Corrall, Ruby"]
[Black "Kirk, Alex"]
[Result "0-1"]
[WhiteElo "900"]
[BlackElo "857"]
[PlyCount "76"]
[EventDate "2020.09.17"]
[WhiteTeam "Coldfall Knights"]
[BlackTeam "Tetherdown Bishops"]

1. d4 d5 2. Bf4 Nc6 3. c3 Bf5 4. e3 e6 5. Nd2 Bd6 6. Bg3 Bxg3 7. hxg3 Nf6 8.
Ngf3 Ne4 9. Bd3 Nxd2 10. Bxf5 Nxf3+ 11. Qxf3 exf5 12. Qxf5 Ne7 13. Qe5 O-O 14.
Qh5 h6 15. Qg4 f5 16. Qf4 Ng6 17. Qf3 Qd7 18. Rh5 Ne7 19. O-O-O Qa4 20. Rdh1
Qxa2 21. Kd2 Qxb2+ 22. Kd3 Ng6 23. Qxd5+ Kh7 24. Rxf5 Rxf5 25. Qxf5 Rf8 26. Qe4
a5 27. d5 a4 28. Qxa4 Ne5+ 29. Ke4 Ng4 30. f3 Nf2+ 31. Kd4 Nxh1 32. Qd7 Qd2+
33. Kc4 Qxg2 34. d6 cxd6 35. Qxd6 Rc8+ 36. Kb4 Qb2+ 37. Ka4 Ra8+ 38. Qa6 Rxa6#
0-1

[Event "Junior Online 4NCL Division 4"]
[Site "online"]
[Date "2020.09.17"]
[Round "3.252"]
[White "Edwards, Zachary"]
[Black "Winser, Frederick"]
[Result "0-1"]
[WhiteElo "1075"]
[BlackElo "925"]
[PlyCount "120"]
[EventDate "2020.09.17"]
[WhiteTeam "Surrey Kings 3"]
[BlackTeam "Manchester Juniors E"]

1. e4 e5 2. Nc3 Nf6 3. Nf3 Nc6 4. d4 d6 5. Be3 d5 6. Bd3 exd4 7. Bxd4 Nxd4 8.
Nxd4 dxe4 9. Be2 Bb4 10. a3 Bxc3+ 11. bxc3 O-O 12. Bc4 c5 13. Nf3 Qxd1+ 14.
Kxd1 Be6 15. Bxe6 fxe6 16. Ne5 Rfd8+ 17. Kc1 Rd5 18. c4 Rxe5 19. f4 Rf5 20. g3
Rh5 21. h4 Rh6 22. Rg1 Ng4 23. Rb1 Rb8 24. Rb5 b6 25. Rb3 Rd8 26. a4 e3 27. Re1
e5 28. fxe5 Re8 29. Rbxe3 Nxe3 30. Rxe3 Rhe6 31. a5 bxa5 32. g4 Rxe5 33. Rf3
Re1+ 34. Kd2 R1e2+ 35. Kd3 Re1 36. Kd2 a4 37. Ra3 R1e2+ 38. Kc3 R2e3+ 39. Kb2
Rxa3 40. Kxa3 Re4 41. Kxa4 Rxc4+ 42. Kb5 Rxg4 43. Kxc5 Rxh4 44. Kc6 Rf4 45. Kb7
h5 46. Kxa7 h4 47. Kb6 h3 48. Kc5 h2 49. Kd5 h1=Q+ 50. Ke5 Rf1 51. c3 Qh5+ 52.
Kd4 Re1 53. c4 Qg4+ 54. Kd5 Qd1+ 55. Kc5 Qh5+ 56. Kb4 Rd1 57. c5 Rc1 58. Kb5
Qe8+ 59. c6 Qb8+ 60. Ka6 Ra1# 0-1

[Event "Junior Online 4NCL Division 4"]
[Site "online"]
[Date "2020.09.17"]
[Round "3.253"]
[White "Morgan, Alice"]
[Black "Fairrie, Ralph"]
[Result "1-0"]
[WhiteElo "865"]
[BlackElo "1000"]
[PlyCount "35"]
[EventDate "2020.09.17"]
[WhiteTeam "Manchester Juniors E"]
[BlackTeam "Surrey Kings 3"]

1. e4 e5 2. Nc3 Nc6 3. Nf3 Bc5 4. Bc4 d6 5. d3 Nf6 6. O-O Bg4 7. a4 Nd4 8. Bg5
Nxf3+ 9. gxf3 Bxf3 10. Qxf3 h6 11. Bd2 g6 12. Nd5 Nh5 13. Rfe1 Qh4 14. Nxc7+
Kd8 15. Nxa8 Kc8 16. Qxf7 Qg4+ 17. Kf1 Nf4 18. Qc7# 1-0

[Event "Junior Online 4NCL Division 4"]
[Site "online"]
[Date "2020.09.17"]
[Round "3.254"]
[White "Goldhawk, Harrison"]
[Black "Shaktawat, Shaurya"]
[Result "1-0"]
[WhiteElo "1000"]
[BlackElo "745"]
[PlyCount "55"]
[EventDate "2020.09.17"]
[WhiteTeam "Surrey Kings 3"]
[BlackTeam "Manchester Juniors E"]

1. e4 e5 2. d4 Nc6 3. d5 Nd4 4. c3 c5 5. cxd4 cxd4 6. Nf3 Qa5+ 7. Bd2 Bb4 8.
Nxe5 d6 9. Nd3 Qb6 10. Nxb4 Nf6 11. f3 a5 12. Nc2 Qxb2 13. Nba3 Qb6 14. Nc4 Qc5
15. Nxa5 b6 16. Nb3 Qc7 17. Bb5+ Bd7 18. Bf1 Ra6 19. Bxa6 Qa7 20. Bf1 Ba4 21.
Nbxd4 b5 22. Nxb5 Qc5 23. Nc3 O-O 24. Nxa4 Qc7 25. Nc3 Rc8 26. Rc1 Qa7 27. Nb5
Rc5 28. Nxa7 1-0

[Event "Junior Online 4NCL Division 4"]
[Site "online"]
[Date "2020.09.17"]
[Round "3"]
[White "Winser, Frederick"]
[Black "Edwards, Zachary"]
[Result "1-0"]
[WhiteElo "925"]
[BlackElo "1075"]
[PlyCount "37"]
[EventDate "2020.09.17"]
[WhiteTeam "Manchester Juniors E"]
[BlackTeam "Surrey Kings 3"]

1. e4 e5 2. Nf3 Nf6 3. d3 Nc6 4. Nc3 d5 5. Qe2 Be6 6. Bg5 Bd6 7. O-O-O h6 8.
Bxf6 gxf6 9. exd5 Bxd5 10. Nxd5 Nd4 11. Nxd4 Bc5 12. Nxf6+ Qxf6 13. Nb5 O-O-O
14. c3 e4 15. Qg4+ Rd7 16. d4 Be7 17. Nxa7+ Kd8 18. Bb5 Rd6 19. Qc8# 1-0

[Event "Junior Online 4NCL Division 4"]
[Site "online"]
[Date "2020.09.17"]
[Round "3.1"]
[White "Fairrie, Ralph"]
[Black "Morgan, Alice"]
[Result "0-1"]
[WhiteElo "1000"]
[BlackElo "865"]
[PlyCount "102"]
[EventDate "2020.09.17"]
[WhiteTeam "Surrey Kings 3"]
[BlackTeam "Manchester Juniors E"]

1. e4 e5 2. Nf3 Nc6 3. Bc4 Bc5 4. Nh4 d6 5. Qf3 Qxh4 6. Qxf7+ Kd8 7. Qf8+ Kd7
8. Qf7+ Qe7 9. Qd5 Nf6 10. Qd3 Ng4 11. Qh3 Qf6 12. Qxg4+ Ke8 13. Qg3 Rf8 14.
O-O a5 15. h3 a4 16. b3 Bd7 17. bxa4 Rxa4 18. Nc3 Rxc4 19. Nb5 Rxe4 20. Nxc7+
Kd8 21. Nd5 Qf5 22. Qxg7 Be6 23. Qc7+ Ke8 24. Qxb7 Bxd5 25. Qb5 Bxf2+ 26. Rxf2
Qxf2+ 27. Kh2 Qd4 28. Rb1 Ke7 29. Rb3 Bxb3 30. cxb3 Nb4 31. a4 Re2 32. a5 Qf2
33. Qb7+ Ke6 34. a6 Qxg2+ 35. Qxg2 Rxg2+ 36. Kxg2 Nd3 37. Ba3 Ra8 38. h4 Rxa6
39. b4 Rxa3 40. b5 Rb3 41. b6 Rxb6 42. h5 Rb2 43. h6 Rxd2+ 44. Kg3 Rb2 45. Kg4
Rf2 46. Kg5 Rf4 47. Kh5 e4 48. Kg5 e3 49. Kh5 e2 50. Kg5 e1=Q 51. Kh5 Qe5# 0-1

[Event "Junior Online 4NCL Division 4"]
[Site "online"]
[Date "2020.09.17"]
[Round "3.2"]
[White "Shaktawat, Shaurya"]
[Black "Goldhawk, Harrison"]
[Result "1-0"]
[WhiteElo "745"]
[BlackElo "1000"]
[PlyCount "43"]
[EventDate "2020.09.17"]
[WhiteTeam "Manchester Juniors E"]
[BlackTeam "Surrey Kings 3"]

1. e4 e5 2. Nf3 d5 3. Nc3 d4 4. d3 dxc3 5. bxc3 f6 6. d4 Bd6 7. Be3 Nh6 8. Qd2
Ng4 9. h3 Nxe3 10. Qxe3 O-O 11. Bc4+ Kh8 12. O-O-O a6 13. g4 b5 14. Bd5 Ra7 15.
g5 fxg5 16. Rhg1 h6 17. Nxg5 hxg5 18. Rxg5 Be7 19. Rg2 c6 20. Rxg7 cxd5 21. Rg6
Qe8 22. Qh6# 1-0

[Event "Junior Online 4NCL Division 4"]
[Site "online"]
[Date "2020.09.17"]
[Round "3.5"]
[White "Chun, Louis"]
[Black "Wan, Qiao"]
[Result "1-0"]
[WhiteElo "1000"]
[BlackElo "1052"]
[PlyCount "48"]
[EventDate "2020.09.17"]
[WhiteTeam "Surrey Kings 4"]
[BlackTeam "Cambridge Chess & Go C"]

1. e4 c5 2. Nf3 Nf6 3. Nc3 Nc6 4. d3 e5 5. Bg5 h6 6. Bxf6 gxf6 7. d4 cxd4 8.
Nd5 d6 9. Bb5 Bg4 10. Qd2 Bxf3 11. gxf3 Be7 12. O-O-O Qd7 13. f4 a6 14. Bc4
exf4 15. Qxf4 Na5 16. Bd3 Rg8 17. Qxh6 f5 18. exf5 Bg5+ 19. Kb1 Bxh6 20. Nf6+
Kd8 21. Nxd7 Kxd7 22. Rhg1 Rxg1 23. Rxg1 Re8 24. Rg3 Re1# 1-0

[Event "Junior Online 4NCL Division 4"]
[Site "online"]
[Date "2020.09.17"]
[Round "3.6"]
[White "Soni, Raghhav"]
[Black "Salguero, Francisco Javier"]
[Result "1-0"]
[WhiteElo "762"]
[BlackElo "925"]
[PlyCount "183"]
[EventDate "2020.09.17"]
[WhiteTeam "Cambridge Chess & Go C"]
[BlackTeam "Surrey Kings 4"]

1. e4 e5 2. Nf3 d6 3. Bd3 d5 4. exd5 e4 5. Bxe4 Nf6 6. d3 c5 7. Be3 c4 8. dxc4
Nxe4 9. Qd4 Qe7 10. Qd3 Nxf2 11. Kxf2 Qc7 12. d6 Qd7 13. Nc3 Bxd6 14. b4 Be7
15. a4 Bh4+ 16. g3 Bxg3+ 17. Kxg3 O-O 18. Ng5 Re8 19. Qxh7+ Kf8 20. Qd3 Re5 21.
Bf4 Rf5 22. Nh7+ Kg8 23. Kg4 Nc6 24. Qxd7 Bxd7 25. Nd5 Nxb4 26. Nc7 Rc8 27. c3
Nc2 28. Ng5 Nxa1 29. Rxa1 f6 30. Kg3 fxg5 31. Bxg5 Rxg5+ 32. Kf4 Rh5 33. Kg3
Rg5+ 34. Kf4 Rf5+ 35. Ke4 Rxc7 36. Kd4 Rc6 37. c5 Rfxc5 38. Rb1 Rh5 39. Rxb7
Bc8 40. Rxa7 Rg6 41. Ra8 Rg4+ 42. Ke3 Rh3+ 43. Kd2 Rg2+ 44. Kd1 Rgxh2 45. Rxc8+
Kf7 46. Rc7+ Kg6 47. Rc6+ Kh5 48. Rc5+ Kh6 49. Rc6+ Kh7 50. Re6 Rg3 51. a5 Rg1+
52. Re1 Rhh1 53. Rxg1 Rxg1+ 54. Ke2 g5 55. a6 g4 56. a7 g3 57. a8=Q g2 58. c4
Rh1 59. Qxg2 Rh6 60. c5 Rg6 61. Qb7+ Rg7 62. c6 Kg6 63. Qxg7+ Kxg7 64. c7 Kh8
65. c8=Q+ Kg7 66. Qc6 Kf7 67. Kd3 Ke7 68. Kd4 Kf7 69. Kd5 Ke7 70. Kc5 Kf7 71.
Kd6 Kf6 72. Qe8 Kf5 73. Qe5+ Kg4 74. Qe4+ Kg3 75. Kd5 Kf2 76. Kd4 Kg3 77. Ke5
Kh3 78. Kf4 Kh4 79. Kf5+ Kh5 80. Kf4 Kh4 81. Kf5+ Kh5 82. Kf6 Kh6 83. Qe5 Kh7
84. Kf7 Kh6 85. Qe6+ Kg5 86. Qe4 Kh6 87. Kf6 Kh5 88. Kf5 Kh6 89. Qe6+ Kh5 90.
Kf4 Kh4 91. Qg6 Kh3 92. Qg3# 1-0

[Event "Junior Online 4NCL Division 4"]
[Site "online"]
[Date "2020.09.17"]
[Round "3.7"]
[White "Liu, Reuben"]
[Black "Ortu, Lorenzo"]
[Result "1/2-1/2"]
[WhiteElo "1000"]
[BlackElo "750"]
[PlyCount "35"]
[EventDate "2020.09.17"]
[WhiteTeam "Surrey Kings 4"]
[BlackTeam "Cambridge Chess & Go C"]

1. e4 e5 2. Bc4 Nf6 3. Bb3 Nxe4 4. Qe2 Nc5 5. Bc4 d5 6. Bb5+ c6 7. Qxe5+ Be6 8.
Be2 Bd6 9. Qh5 g6 10. Qf3 Ne4 11. Nc3 Nxc3 12. bxc3 Na6 13. d4 Qh4 14. g3 Qe4
15. Kd1 Qxf3 16. Nxf3 Bg4 17. h3 Bxh3 18. Rxh3 1/2-1/2

[Event "Junior Online 4NCL Division 4"]
[Site "online"]
[Date "2020.09.17"]
[Round "3.8"]
[White "Soni, Manvi"]
[Black "Saraty, Thomas"]
[Result "1-0"]
[WhiteElo "800"]
[BlackElo "962"]
[PlyCount "87"]
[EventDate "2020.09.17"]
[WhiteTeam "Cambridge Chess & Go C"]
[BlackTeam "Surrey Kings 4"]

1. e4 d5 2. Bb5+ c6 3. Bf1 dxe4 4. Bc4 Nf6 5. Qe2 Be6 6. Bb5 cxb5 7. Qxb5+ Bd7
8. Qf1 g5 9. d3 exd3 10. cxd3 Bb5 11. Na3 Bxd3 12. Ne2 Bxe2 13. Qxe2 Qd5 14.
O-O Qd8 15. Rd1 e5 16. Rxd8+ Kxd8 17. Qd2+ Ke8 18. Qc3 Ne4 19. Qc8+ Ke7 20.
Qxb7+ Kd8 21. Qxa8 Ke7 22. Qb7+ Ke6 23. Qxb8 Bg7 24. Qb3+ Kf5 25. Qxf7+ Kg4 26.
Qxg7 Rc8 27. Qd7+ Kh5 28. Qxc8 Nd6 29. Qc6 Nc4 30. Nxc4 g4 31. Qa6 Kh4 32. Qxa7
g3 33. b4 gxh2+ 34. Kxh2 Kg4 35. b5 e4 36. f3+ Kf5 37. fxe4+ Kxe4 38. Nd6+ Kd3
39. b6 h6 40. b7 h5 41. b8=Q h4 42. Qb3+ Ke2 43. Qe7+ Kf1 44. Qf3# 1-0

[Event "Junior Online 4NCL Division 4"]
[Site "online"]
[Date "2020.09.17"]
[Round "3.9"]
[White "Wan, Qiao"]
[Black "Chun, Louis"]
[Result "1-0"]
[WhiteElo "1052"]
[BlackElo "1000"]
[PlyCount "85"]
[EventDate "2020.09.17"]
[WhiteTeam "Cambridge Chess & Go C"]
[BlackTeam "Surrey Kings 4"]

1. e4 c5 2. Nf3 Nc6 3. d4 cxd4 4. Nxd4 Nxd4 5. Qxd4 Nf6 6. Bc4 d6 7. Bd3 Qa5+
8. Bd2 Qe5 9. Qxe5 dxe5 10. O-O Be6 11. Bg5 O-O-O 12. Bxf6 gxf6 13. Nc3 Rg8 14.
Bb5 Bh3 15. Nd5 Rxg2+ 16. Kh1 Rg4 17. Be2 Rxe4 18. Bd3 Rg4 19. Be2 Rd4 20. Ne3
Bxf1 21. Nxf1 Bh6 22. Ne3 Bxe3 23. fxe3 Rd2 24. Rd1 Rxd1+ 25. Bxd1 Rxd1+ 26.
Kg2 f5 27. h4 f4 28. exf4 exf4 29. Kf2 Rd2+ 30. Kf3 e5 31. h5 e4+ 32. Kxe4 f3
33. Kxf3 f5 34. Ke3 Rf2 35. Kxf2 b5 36. Kf3 a5 37. Kf4 b4 38. Kxf5 a4 39. h6 a3
40. bxa3 bxa3 41. Kf6 Kc7 42. Kg7 Kc6 43. Kxh7 1-0

[Event "Junior Online 4NCL Division 4"]
[Site "online"]
[Date "2020.09.17"]
[Round "3.11"]
[White "Ortu, Lorenzo"]
[Black "Liu, Reuben"]
[Result "0-1"]
[WhiteElo "750"]
[BlackElo "1000"]
[PlyCount "74"]
[EventDate "2020.09.17"]
[WhiteTeam "Cambridge Chess & Go C"]
[BlackTeam "Surrey Kings 4"]

1. d4 d5 2. Nc3 Nf6 3. Nf3 e6 4. e3 c6 5. g4 Nxg4 6. Bh3 Nf6 7. Bg4 Nxg4 8. Ne5
Nxe5 9. dxe5 Bb4 10. Bd2 Na6 11. Rg1 O-O 12. Qe2 f6 13. exf6 Rxf6 14. Qg4 g6
15. e4 dxe4 16. Nxe4 Bxd2+ 17. Nxd2 h5 18. Qh4 Kf7 19. Ne4 Nc5 20. Nxc5 b6 21.
Ke2 bxc5 22. Rgd1 Qe7 23. Rd2 Rf5 24. Rad1 Qxh4 25. Rd8 Ke7 26. Rxc8 Rxc8 27.
a4 a5 28. Rd4 cxd4 29. c3 dxc3 30. bxc3 Qe4+ 31. Kf1 Qb1+ 32. Kg2 Rcf8 33. Kg3
Rf4 34. Kg2 Rf3 35. c4 Qb3 36. c5 Rxf2+ 37. Kh1 Qb1# 0-1

[Event "Junior Online 4NCL Division 4"]
[Site "online"]
[Date "2020.09.17"]
[Round "3.15"]
[White "Man, Felix"]
[Black "Elisseev-Siuda, Ivan"]
[Result "1-0"]
[WhiteElo "940"]
[BlackElo "1225"]
[PlyCount "39"]
[EventDate "2020.09.17"]
[WhiteTeam "Muswell Hill Primary"]
[BlackTeam "Manchester Juniors D"]

1. e4 e5 2. Nf3 Nc6 3. Bc4 Bc5 4. Nc3 Nf6 5. b3 O-O 6. Bb2 Nd4 7. Nxe5 d6 8.
Nf3 Bg4 9. Be2 Nxe2 10. Nxe2 Bxf3 11. gxf3 Qe7 12. c4 Qd7 13. Qc2 Rae8 14.
O-O-O Qc6 15. Bxf6 gxf6 16. Rhg1+ Kh8 17. Qc3 Ba3+ 18. Kc2 Rg8 19. Qxf6+ Rg7
20. Qxg7# 1-0